京都市営地下鉄全駅 - Statistics

General Stats
  • This quiz has been taken 16 times
  • The average score is 24 of 32
Answer Stats
ナンバリング 駅名 % Correct
烏丸線-K01 国際会館
100%
K11 京都
100%
K15 竹田
100%
T15 二条
100%
K09 四条
94%
K10 五条
94%
T07 山科
94%
K12 九条
88%
T12 京都市役所前
88%
T14 二条城前
88%
T17 太秦天神川
88%
K08 烏丸御池
81%
K14 くいな橋
81%
T11 三条京阪
81%
T13 烏丸御池
81%
東西線-T01 六地蔵
75%
T10 東山
75%
K06 今出川
69%
K07 丸太町
69%
T08 御陵
69%
T09 蹴上
69%
K03 北山
63%
K04 北大路
63%
K05 鞍馬口
63%
K13 十条
63%
K02 松ヶ崎
56%
T03 醍醐
56%
T06 東野
56%
T16 西大路御池
56%
T05 椥辻
50%
T04 小野
44%
T02 石田
31%
No matching quizzes found
Score Distribution
Percent of People with Each Score
Percentile by Number Answered
Your Score History
You have not taken this quiz